000
00292nam a2200133Ia 4500
008
231129s1980||||xx |||||||||||||| ||spa||
040
_b
spa
082
_a
Co861 D542
100
_a
Diaz Granados Jose Luis
245
0
_a
El laberinto
260
_c
1980
264
_a
Ecoe
942
_2
ddc
_c
BKS
999
_c
11429
_d
11429